Statistics for Football Divisions of Argentina

Click here to take the quiz!

General Stats

  • This quiz has been taken 176 times
    (136 since last reset)
  • The average score is 35 of 74

Answer Stats

Primera División% Correct
Boca Juniors
100%
River Plate
98%
San Lorenzo
94%
Independiente
94%
Newell's Old Boys
93%
Racing Club
93%
Estudiantes de la Plata
88%
Velez Sarsfield
88%
Rosario Central
87%
Banfield
85%
Argentinos Juniors
82%
Lanús
81%
Gimnasia de la Plata
81%
Huracán
81%
Colón
75%
Belgrano
73%
Unión
71%
Quilmes
70%
Godoy Cruz
67%
Arsenal
67%
Tigre
65%
Aldosivi
64%
Olimpo
62%
Atlético Tucumán
62%
Chacarita Juniors
61%
Ferro Carril Oeste
58%
San Martin de San Juan
58%
Defensa y Justicia
58%
Nueva Chicago
56%
Patronato
56%
Sarmiento
55%
All Boys
55%
Temperley
52%
Platense
51%
Instituto
50%
Atlético de Rafaela
49%
Atlanta
49%
Crucero del Norte
48%
Boca Unidos
43%
Deportivo Morón
39%
Almirante Brown
38%
Gimnasia de Jujuy
36%
Defensores de Belgrano
33%
Central Córdoba (SdE)
33%
Almagro
31%
Brown de Adrogué
31%
Flandria
30%
Sportivo Italiano
27%
Deportivo Español
27%
Deportivo Riestra
27%
Douglas Haig
27%
Comunicaciones
26%
Deportivo Armenio
26%
Estudiantes de Buenos Aires
24%
Barracas Central
23%
Santamarina
23%
Los Andes
21%
Acassuso
21%
Villa Dálmine
20%
Colegiales
19%
Atlético Paraná
19%
Deportivo Merlo
19%
Villa San Carlos
17%
Fénix
17%
Tristan Suárez
14%
Juventud Unida
14%
Guaraní Antonio Franco
13%
UAI Urquiza
12%
Guillermo Brown
12%
Sportivo Belgrano
11%
Union (MdP)
11%
Sportivo Estudiantes (SL)
10%
Gimnasia de Mendoza
7%
Independiente de Rivadavia
6%

Score Distribution

Percentile by Number Answered

Percent of People with Each Score

Your Score History

You have not taken this quiz since the last reset